000
00274pam a2200121 a 4500
020
_c
041
_h
100
_a
Francis, Sched .
245
_a
Numerical Analysis
_h
Textual Documents
260
_a
New Delhi
_b
Tata McGraw Hill
_c
2011
300
_a
1.1 to 30.
930
_a
8898
999
_c
85804
_d
85804